000 00307nam a2200121Ia 4500
100 _aVirmani/S.K
650 _aAutomobiles
942 _cBK
654 _aWorkshop Cal &Solved Papers Radio
245 _aWorkshop Cal &Solved Papers Radio
260 _bNew heights publishers .
_aNew Delhi
546 _aENGLISH
999 _c25977
_d25977